[Event "Cesenatico op 9th"]
[Site "Cesenatico"]
[Date "2004.09.10"]
[Round "7"]
[White "Costantini, Laura"]
[Black "Da Forno, Roberto"]
[Result "1-0"]
[WhiteElo "2068"]
[BlackElo "1748"]
[PlyCount "63"]
[EventDate "2004.09.04"]
[EventType "swiss"]
[EventRounds "9"]
[EventCountry "ITA"]
[SourceTitle "EXT 2007"]
[Source "ChessBase"]
[SourceDate "2006.11.23"]
[SourceVersion "1"]
[SourceVersionDate "2006.11.23"]
[SourceQuality "1"]

1. e4 d5 2. exd5 Qxd5 3. Nc3 Qa5 4. d4 c6 5. h3 Nf6 6. Nf3 Bf5 7. Bd2 Qc7 8. Bc4 e6 9. Bb3 Bd6 10. Qe2 0-0 11. 0-0-0 a5 12. g4 Bg6 13. Rdg1 b5 14. a4 b4 15. Nd1 Ne4 16. h4 Nxd2 17. Nxd2 c5 18. h5 Bxc2 19. Bxc2 cxd4 20. Qd3 Rc8 21. Kb1 g6 22. hxg6 fxg6 23. Bb3 Nc6 24. Bxe6+ Kg7 25. Bxc8 Rxc8 26. Nc4 Bf4 27. g5 Ne5 28. Nxe5 Qxe5 29. Ne3 Rc7 30. Ng4 Qe6 31. Qxd4+ Kg8 32. Nh6+ 1-0

[Event "Cesenatico op 9th"]
[Site "Cesenatico"]
[Date "2004.09.05"]
[Round "2"]
[White "Da Forno, Roberto"]
[Black "Assmann, Norbert"]
[Result "0-1"]
[WhiteElo "1748"]
[BlackElo "2000"]
[PlyCount "62"]
[EventDate "2004.09.04"]
[EventType "swiss"]
[EventRounds "9"]
[EventCountry "ITA"]
[SourceTitle "EXT 2007"]
[Source "ChessBase"]
[SourceDate "2006.11.23"]
[SourceVersion "1"]
[SourceVersionDate "2006.11.23"]
[SourceQuality "1"]

1. e4 g6 2. d4 Bg7 3. c4 c6 4. Nc3 d6 5. Be3 Nf6 6. f3 a6 7. Qd2 b5 8. cxb5 cxb5 9. Rc1 Nbd7 10. Bd3 Qa5 11. a3 Bb7 12. Nh3 Rc8 13. 0-0 0-0 14. Bh6 Rc7 15. Bxg7 Kxg7 16. b4 Qb6 17. Bb1 Ne5 18. Kh1 Nc4 19. Qd3 Nxa3 20. Na4 bxa4 21. Rxc7 Qxc7 22. Qxa3 Bc6 23. Rc1 Qb6 24. d5 Bd7 25. Nf4 Rb8 26. Nd3 Bb5 27. h4 Bxd3 28. Qxd3 Qxb4 29. Qxa6 Qd2 30. Qf1 Rb2 31. Bd3 Nh5 0-1